000 00978nam a22002895i 4500
001 10760
003 ES-MaACL
005 20250822035937.0
007 t|
008 941102s1994 sp ||||0| spa j
020 _a84-7658-433-4
040 _aM-BN
_bspa
_cM-BN
080 _a316.6
245 0 0 _aConstrucción y crítica de la psicologia social /
_cMaritza Montero, coord. ; prólogo de Tomás Ibáñez ; Pablo Fernández Christlieb ... [et al.].
250 _a1ª ed.
260 _aBarcelona :
_bAnthropos,
_c1994.
300 _a235 p ;
_c20 cm.
490 1 _aAutores, textos y temas. Psicología ;
_v21
504 _aBibliografía.
650 1 7 _aPsicología social
_2embne
_916573
700 1 _aMontero, Maritza.
_982493
700 1 _aFernández Christlieb, Pablo.
_949576
700 1 _aIbáñez, Tomás.
_964913
830 0 0 _aAutores, textos y temas.
_pPsicología
_v21
_9177279
852 _aES-MaACL
_jL-18087
_bR.122606
999 _c10760
_d10760